00693 2200253 4500001002100000005001500021035002000036245010800056100001700164250000600181300003600187700002000223260003500243082000800278084001400286020002200300650001500322990001700337990001700354990001700371990001700388990001700405990001700422INLIS00000000000008720180822011605 a0010-08180000511 aCara Mudah Belajar Geometri :bUntuk Siswa SD/MI dan Sederajat /cTahyat, S.Pd; Editor, Vini Agustirani0 aTahyat, S.Pd a- avi, 146 hlm. :bilus. ;c25 cm.0 aVini Agustirani aJakarta :bCV Arya Duta,c2010 a510 a510 TAH c a979-979-750-362-7 aMatematika a00353/P/2018 a00354/P/2018 a00355/P/2018 a00356/P/2018 a00357/P/2018 a00358/P/2018